[Event "Titled Tuesday intern op 19th Sep Early"]
[Site "Chess.com INT"]
[Date "2023.09.19"]
[Round "2"]
[White "Akhmetov, Ayan"]
[Black "Rakhmatullaev, Almas"]
[Result "0-1"]
[WhiteElo "2409"]
[BlackElo "2384"]
[PlyCount "114"]
[EventDate "2023.09.19"]
[EventType "swiss (blitz)"]
[EventRounds "11"]
[EventCountry "USA"]
[SourceTitle "EXT 2024"]
[Source "ChessBase"]
[SourceDate "2023.10.10"]
[SourceVersion "1"]
[SourceVersionDate "2023.10.10"]
[SourceQuality "1"]

1. Nf3 Nf6 2. c4 g6 3. Nc3 Bg7 4. g3 0-0 5. Bg2 c6 6. 0-0 d6 7. d3 e5 8. h3 Qe7 9. e4 Nbd7 10. Be3 Ne8 11. d4 f5 12. Bg5 Qf7 13. dxe5 dxe5 14. exf5 gxf5 15. Qd2 e4 16. Nh4 Qxc4 17. Rad1 Ne5 18. Bh6 Qe6 19. Bxg7 Nxg7 20. Ne2 Qe7 21. Qh6 Be6 22. b3 Rad8 23. Nd4 f4 24. Nxe6 Qxe6 25. Qxe6+ Nxe6 26. Bxe4 Rxd1 27. Rxd1 Ng5 28. Bg2 Kg7 29. g4 f3 30. Bf1 h5 31. Nf5+ Kh8 32. Re1 Ng6 33. gxh5 Nf4 34. Ng3 Rd8 35. Re7 Ngxh3+ 36. Bxh3 Nxh3+ 37. Kh2 Nxf2 38. Rf7 Ng4+ 39. Kh3 Ne5 40. Rf5 Rd5 41. h6 Kh7 42. Ne4 Kxh6 43. Kg3 Kg6 44. Rf6+ Kg7 45. Rf5 Nd3 46. Rxf3 Nc1 47. Nc3 Rd2 48. Re3 Kf7 49. Kf4 Nxa2 50. Nxa2 Rxa2 51. Rh3 b6 52. Ke5 c5 53. Kd6 Kf6 54. Kc6 Ke5 55. Kb7 Kd4 56. Rh4+ Kc3 57. Rh3+ Kb4 0-1

[Event "Titled Tuesday intern op 19th Sep Early"]
[Site "Chess.com INT"]
[Date "2023.09.19"]
[Round "7"]
[White "Akhmetov, Ayan"]
[Black "Sauvageot Ledezma, Diego"]
[Result "1-0"]
[WhiteElo "2409"]
[BlackElo "2148"]
[PlyCount "121"]
[EventDate "2023.09.19"]
[EventType "swiss (blitz)"]
[EventRounds "11"]
[EventCountry "USA"]
[SourceTitle "EXT 2024"]
[Source "ChessBase"]
[SourceDate "2023.10.10"]
[SourceVersion "1"]
[SourceVersionDate "2023.10.10"]
[SourceQuality "1"]

1. d4 Nf6 2. c4 e6 3. Nc3 d5 4. cxd5 Nxd5 5. e4 Nxc3 6. bxc3 c5 7. Nf3 cxd4 8. cxd4 Bb4+ 9. Bd2 Bxd2+ 10. Qxd2 0-0 11. Be2 b6 12. 0-0 Bb7 13. Qe3 Nc6 14. Rfd1 Na5 15. d5 exd5 16. exd5 Re8 17. Qd2 Qxd5 18. Qxd5 Bxd5 19. Bb5 Red8 20. Ne5 f6 21. Nd3 Rac8 22. Nf4 Bf7 23. h4 Nc4 24. Ba6 Rb8 25. Rac1 Ne5 26. Rxd8+ Rxd8 27. Rc7 Bxa2 28. Rxa7 Ng4 29. Be2 Rd4 30. g3 Bc4 31. Bxg4 g5 32. hxg5 fxg5 33. Be6+ Kf8 34. Bxc4 gxf4 35. Rf7+ Ke8 36. Rxf4 Rd1+ 37. Kg2 Ke7 38. Rh4 Rc1 39. Rxh7+ Kd6 40. Be2 Rc2 41. Kf3 Rc3+ 42. Ke4 Rc2 43. Kd3 Ra2 44. g4 Ke5 45. Rf7 Ra3+ 46. Kd2 Ra2+ 47. Ke3 Ra3+ 48. Bd3 b5 49. f4+ Kd5 50. g5 b4 51. g6 b3 52. Rb7 Kc6 53. Rb8 Kc7 54. Rb4 Kd6 55. g7 Ra8 56. Rxb3 Kc5 57. Bh7 Re8+ 58. Kf3 Kc4 59. g8Q+ Rxg8 60. Bxg8+ Kd4 61. Re3 1-0

[Event "Titled Tuesday intern op 19th Sep Early"]
[Site "Chess.com INT"]
[Date "2023.09.19"]
[Round "8"]
[White "Salinas Tomas, Daniel"]
[Black "Akhmetov, Ayan"]
[Result "1/2-1/2"]
[WhiteElo "2175"]
[BlackElo "2409"]
[PlyCount "115"]
[EventDate "2023.09.19"]
[EventType "swiss (blitz)"]
[EventRounds "11"]
[EventCountry "USA"]
[SourceTitle "EXT 2024"]
[Source "ChessBase"]
[SourceDate "2023.10.10"]
[SourceVersion "1"]
[SourceVersionDate "2023.10.10"]
[SourceQuality "1"]

1. e4 c5 2. Nf3 d6 3. d4 cxd4 4. Nxd4 Nf6 5. Nc3 a6 6. Be2 e6 7. 0-0 Be7 8. f4 0-0 9. Be3 b5 10. Bf3 e5 11. Nf5 Nc6 12. Nxe7+ Qxe7 13. Nd5 Nxd5 14. exd5 Na5 15. fxe5 Qxe5 16. Bd4 Qg5 17. b3 Bf5 18. Qe1 Nb7 19. h4 Qh6 20. Qe7 Nc5 21. Be3 Qg6 22. Bf4 Bxc2 23. Qxd6 Nd3 24. Qxg6 hxg6 25. Bg3 Rad8 26. d6 f5 27. Bh2 f4 28. Bd5+ Kh7 29. Be4 Rxd6 30. h5 Nb4 31. hxg6+ Kg8 32. Bxc2 Nxc2 33. Rac1 Ne3 34. Rxf4 Rxg6 35. Rxf8+ Kxf8 36. Rc8+ Kf7 37. Rc7+ Kg8 38. Be5 Rxg2+ 39. Kh1 Rg6 40. a4 Ng4 41. Bd4 Nf6 42. axb5 axb5 43. Rc5 Rg4 44. Bxf6 gxf6 45. Rxb5 Kg7 46. Kh2 Kf7 47. Rb7+ Ke6 48. Rb6+ Ke5 49. Rb8 Rg7 50. Rb5+ Ke4 51. Rb4+ Ke3 52. Rb5 Ke4 53. Rb4+ Ke3 54. Rb5 Kf4 55. Rb4+ Ke5 56. Rb5+ Ke6 57. Rb6+ Ke5 58. Rb5+ 1/2-1/2

[Event "Titled Tuesday intern op 05th Sep Early"]
[Site "Chess.com INT"]
[Date "2023.09.05"]
[Round "4"]
[White "Hansen, Eric"]
[Black "Akhmetov, Ayan"]
[Result "1-0"]
[WhiteElo "2609"]
[BlackElo "2409"]
[PlyCount "97"]
[EventDate "2023.09.05"]
[EventType "swiss (blitz)"]
[EventRounds "11"]
[EventCountry "USA"]
[SourceTitle "EXT 2024"]
[Source "ChessBase"]
[SourceDate "2023.10.10"]
[SourceVersion "1"]
[SourceVersionDate "2023.10.10"]
[SourceQuality "1"]

1. Nf3 b6 2. g3 Bb7 3. Bg2 c5 4. 0-0 g6 5. d3 Bg7 6. e4 d6 7. Re1 Nf6 8. Nc3 0-0 9. e5 dxe5 10. Nxe5 Qc8 11. a4 Bxg2 12. Kxg2 Nc6 13. Nxc6 Qxc6+ 14. Qf3 Qxf3+ 15. Kxf3 e6 16. Bf4 Nd5 17. Be5 Bxe5 18. Rxe5 Nb4 19. Re2 Rfd8 20. b3 h5 21. h3 Kg7 22. Kg2 a6 23. Ne4 Rac8 24. g4 hxg4 25. hxg4 Nd5 26. Kg3 e5 27. g5 Nf4 28. Ree1 Rh8 29. Rh1 Ne2+ 30. Kg4 Nd4 31. Rxh8 Rxh8 32. Rc1 Rh2 33. Kg3 Rh8 34. Kg2 Rh4 35. a5 bxa5 36. Ra1 Nxc2 37. Rxa5 Ne1+ 38. Kg3 Rh1 39. f3 Nxd3 40. Rxa6 Rg1+ 41. Kh2 Rf1 42. Kg2 Rb1 43. Ra8 Nf4+ 44. Kh2 Rb2+ 45. Kg1 Rxb3 46. Kf2 c4 47. Rc8 Rb2+ 48. Ke1 Nd3+ 49. Kf1 1-0

[Event "Titled Tuesday intern op 15th Aug Early"]
[Site "Chess.com INT"]
[Date "2023.08.15"]
[Round "6"]
[White "Akhmetov, Ayan"]
[Black "Brodowski, Piotr"]
[Result "1-0"]
[WhiteElo "2411"]
[BlackElo "2442"]
[PlyCount "63"]
[EventDate "2023.08.15"]
[EventType "swiss (blitz)"]
[EventRounds "11"]
[EventCountry "USA"]
[SourceTitle "EXT 2024"]
[Source "ChessBase"]
[SourceDate "2023.10.10"]
[SourceVersion "1"]
[SourceVersionDate "2023.10.10"]
[SourceQuality "1"]

1. Nf3 c5 2. c4 Nc6 3. Nc3 g6 4. e3 Bg7 5. d4 cxd4 6. exd4 d6 7. d5 Ne5 8. Nxe5 Bxe5 9. Bd3 Bg7 10. 0-0 Nf6 11. Re1 0-0 12. Bg5 h6 13. Bf4 Bd7 14. Qd2 Kh7 15. h3 Re8 16. Re2 Rc8 17. Rae1 Ng8 18. h4 Kh8 19. Ne4 b5 20. cxb5 Qb6 21. a4 f5 22. Ng3 Qd4 23. h5 g5 24. Be3 Qxd5 25. Bxf5 Qxd2 26. Rxd2 Nf6 27. Bxa7 Ra8 28. b6 Bxa4 29. Bg6 Red8 30. Rxe7 Bf8 31. Rf7 Nd7 32. Be4 1-0

[Event "Titled Tuesday intern op 15th Aug Early"]
[Site "Chess.com INT"]
[Date "2023.08.15"]
[Round "3"]
[White "Akhmetov, Ayan"]
[Black "Huynh, Lam Binh Nguyen"]
[Result "1-0"]
[WhiteElo "2411"]
[BlackElo "2027"]
[PlyCount "69"]
[EventDate "2023.08.15"]
[EventType "swiss (blitz)"]
[EventRounds "11"]
[EventCountry "USA"]
[SourceTitle "EXT 2024"]
[Source "ChessBase"]
[SourceDate "2023.10.10"]
[SourceVersion "1"]
[SourceVersionDate "2023.10.10"]
[SourceQuality "1"]

1. Nf3 e6 2. c4 d5 3. g3 c6 4. Bg2 f5 5. 0-0 Nf6 6. d3 Bd6 7. Nbd2 0-0 8. b3 e5 9. e4 fxe4 10. dxe4 d4 11. Ne1 Bg4 12. f3 Bh5 13. Nd3 Nbd7 14. b4 a5 15. c5 Be7 16. Nc4 axb4 17. Ncxe5 Nxe5 18. Nxe5 Bxc5 19. Nd3 Bb6 20. Qb3+ Bf7 21. Qxb4 Nd7 22. Bh3 Nf6 23. Rb1 Ba7 24. Bf4 b6 25. Ne5 c5 26. Qb5 Be8 27. Qc4+ Kh8 28. Rb2 b5 29. Rxb5 Bxb5 30. Qxb5 Rb8 31. Qc4 Qa5 32. Nf7+ Rxf7 33. Qxf7 d3 34. Bxb8 c4+ 35. Bxa7 1-0

[Event "Titled Tuesday intern op 15th Aug Early"]
[Site "Chess.com INT"]
[Date "2023.08.15"]
[Round "8"]
[White "Akhmetov, Ayan"]
[Black "Wagner, Dennis"]
[Result "0-1"]
[WhiteElo "2411"]
[BlackElo "2589"]
[PlyCount "56"]
[EventDate "2023.08.15"]
[EventType "swiss (blitz)"]
[EventRounds "11"]
[EventCountry "USA"]
[SourceTitle "EXT 2024"]
[Source "ChessBase"]
[SourceDate "2023.10.10"]
[SourceVersion "1"]
[SourceVersionDate "2023.10.10"]
[SourceQuality "1"]

1. Nf3 d5 2. g3 g6 3. Bg2 Bg7 4. d4 Nf6 5. 0-0 0-0 6. c4 c6 7. Nc3 dxc4 8. e4 Bg4 9. h3 Bxf3 10. Bxf3 e5 11. dxe5 Nfd7 12. e6 fxe6 13. Be3 Ne5 14. Be2 Na6 15. f4 Nd3 16. e5 Nxb2 17. Qb1 Nd3 18. Qxb7 Nac5 19. Qxc6 Rc8 20. Qb5 g5 21. Qxc4 gxf4 22. gxf4 Qh4 23. Rf3 Ne1 24. Bxc5 Nxf3+ 25. Bxf3 Qxf4 26. Qxe6+ Kh8 27. Bxf8 Rxf8 28. Bd5 Bxe5 0-1

[Event "Titled Tuesday intern op 15th Aug Early"]
[Site "Chess.com INT"]
[Date "2023.08.15"]
[Round "4"]
[White "Schmakel, Sam A"]
[Black "Akhmetov, Ayan"]
[Result "1-0"]
[WhiteElo "2455"]
[BlackElo "2411"]
[PlyCount "71"]
[EventDate "2023.08.15"]
[EventType "swiss (blitz)"]
[EventRounds "11"]
[EventCountry "USA"]
[SourceTitle "EXT 2024"]
[Source "ChessBase"]
[SourceDate "2023.10.10"]
[SourceVersion "1"]
[SourceVersionDate "2023.10.10"]
[SourceQuality "1"]

1. d4 e6 2. c4 d5 3. Nf3 Nf6 4. g3 Bd6 5. Bg2 0-0 6. 0-0 Nc6 7. Nbd2 Ne4 8. Nxe4 dxe4 9. Ng5 f5 10. d5 Ne5 11. Nxe6 Bxe6 12. dxe6 Qe7 13. c5 Bxc5 14. Qd5 Ng4 15. Bg5 Qd6 16. Qb3 Rae8 17. e7+ Rf7 18. Rad1 Qc6 19. Rd8 h6 20. Rxe8+ Qxe8 21. Rd1 Bxe7 22. Bxe7 Qxe7 23. Qxb7 Qc5 24. e3 Qc2 25. Rf1 c5 26. Qb5 Kh7 27. h3 Ne5 28. Qe8 Qxb2 29. Rd1 Nd3 30. Qxf7 Qxf2+ 31. Kh2 Ne5 32. Qe6 Nf3+ 33. Kh1 Qxg3 34. Qxf5+ g6 35. Qf4 Qxf4 36. exf4 1-0

[Event "Titled Tuesday intern op 04th Jul Early"]
[Site "Chess.com INT"]
[Date "2023.07.04"]
[Round "3"]
[White "Dardha, Daniel"]
[Black "Akhmetov, Ayan"]
[Result "1-0"]
[WhiteElo "2600"]
[BlackElo "2411"]
[PlyCount "47"]
[EventDate "2023.07.04"]
[EventType "swiss (blitz)"]
[EventRounds "11"]
[EventCountry "USA"]
[SourceTitle "EXT 2024"]
[Source "ChessBase"]
[SourceDate "2023.10.10"]
[SourceVersion "1"]
[SourceVersionDate "2023.10.10"]
[SourceQuality "1"]

1. d4 e6 2. e4 d5 3. Nc3 Bb4 4. e5 c5 5. a3 Bxc3+ 6. bxc3 Nc6 7. Qg4 g6 8. h4 h6 9. Nf3 Qa5 10. Bd2 c4 11. Qf4 Bd7 12. Be2 Rh7 13. Nh2 0-0-0 14. Ng4 Re8 15. Qg3 Qd8 16. h5 g5 17. f4 f5 18. exf6 gxf4 19. Qxf4 Rf8 20. 0-0 Nxf6 21. Nxf6 Rhf7 22. Qxh6 Rxf6 23. Rxf6 Rxf6 24. Qg7 1-0

[Event "Titled Tuesday intern op 02nd May Early"]
[Site "Chess.com INT"]
[Date "2023.05.02"]
[Round "2"]
[White "Akhmetov, Ayan"]
[Black "Henriquez Villagra, Cristobal"]
[Result "0-1"]
[WhiteElo "2435"]
[BlackElo "2616"]
[PlyCount "106"]
[EventDate "2023.05.02"]
[EventType "swiss (blitz)"]
[EventRounds "11"]
[EventCountry "USA"]
[SourceTitle "EXT 2024"]
[Source "ChessBase"]
[SourceDate "2023.10.10"]
[SourceVersion "1"]
[SourceVersionDate "2023.10.10"]
[SourceQuality "1"]

1. Nf3 d5 2. g3 Nc6 3. d4 Bf5 4. c4 e6 5. Bg2 Nf6 6. 0-0 Be7 7. Nc3 0-0 8. Nh4 Be4 9. Nxe4 Nxe4 10. Nf3 f5 11. b3 g5 12. Bb2 g4 13. cxd5 exd5 14. Ne5 Nxe5 15. dxe5 c6 16. Bd4 Qd7 17. f3 Ng5 18. f4 Ne6 19. a3 Rfd8 20. b4 a5 21. Qd2 axb4 22. axb4 Qe8 23. Bb6 Rxa1 24. Rxa1 Ra8 25. Ra5 Rxa5 26. bxa5 Qf8 27. e3 Bc5 28. Bxd5 cxd5 29. Qxd5 Kf7 30. Qxb7+ Qe7 31. a6 Bxb6 32. Qxb6 Qd7 33. Qb7 Nc7 34. Qb3+ Ke7 35. a7 Qc6 36. Qa3+ Kd7 37. Qd3+ Kc8 38. Qxf5+ Kb7 39. Qxg4 Kxa7 40. Qe2 Nd5 41. e4 Qc5+ 42. Qf2 Ne3 43. Qa2+ Kb6 44. Qe2 Qd4 45. Qf3 Kc5 46. h4 h5 47. Kh2 Ng4+ 48. Kh3 Qb2 49. Qg2 Nf2+ 50. Kh2 Qe2 51. e6 Kd6 52. f5 Ng4+ 53. Kh3 Qd1 0-1

[Event "Titled Tuesday intern op 02nd May Early"]
[Site "Chess.com INT"]
[Date "2023.05.02"]
[Round "1"]
[White "Smietanska, Wiktoria"]
[Black "Akhmetov, Ayan"]
[Result "0-1"]
[WhiteElo "1936"]
[BlackElo "2435"]
[PlyCount "76"]
[EventDate "2023.05.02"]
[EventType "swiss (blitz)"]
[EventRounds "11"]
[EventCountry "USA"]
[SourceTitle "EXT 2024"]
[Source "ChessBase"]
[SourceDate "2023.10.10"]
[SourceVersion "1"]
[SourceVersionDate "2023.10.10"]
[SourceQuality "1"]

1. c4 b6 2. Nc3 Bb7 3. e4 e6 4. d4 Bb4 5. Bd3 f5 6. Qe2 Qh4 7. d5 fxe4 8. Bxe4 Nf6 9. Bf3 0-0 10. dxe6 Nc6 11. Be3 Nd4 12. Bxd4 Qxd4 13. Bxb7 Bxc3+ 14. Kf1 Rae8 15. bxc3 Qxc3 16. Re1 Rxe6 17. Qd1 Qxc4+ 18. Ne2 Ng4 19. Bd5 Qxd5 20. Qxd5 Ne3+ 21. Kg1 Nxd5 22. f3 Rfe8 23. Kf2 c6 24. Nd4 Rxe1 25. Rxe1 Rxe1 26. Kxe1 g6 27. Nc2 Kf7 28. Na3 b5 29. Kd2 Ke6 30. Kd3 Ke5 31. Ke2 Nf4+ 32. Kf2 Nd3+ 33. Ke3 Nc1 34. Nc2 Nxa2 35. Kd2 b4 36. Na1 c5 37. Nb3 c4 38. Na5 d5 0-1

[Event "Kazakhstan Cup"]
[Site "Astana"]
[Date "2023.04.25"]
[Round "3"]
[White "Sethuraman, SP."]
[Black "Akhmetov, Ayan"]
[Result "1-0"]
[WhiteElo "2639"]
[BlackElo "2435"]
[PlyCount "53"]
[EventDate "2023.04.23"]
[EventType "swiss"]
[EventRounds "9"]
[EventCountry "KAZ"]
[SourceTitle "CBM 213 Extra"]
[Source "ChessBase"]
[SourceDate "2023.05.31"]
[SourceVersion "1"]
[SourceVersionDate "2023.05.31"]
[SourceQuality "1"]

1. e4 Nf6 2. e5 Nd5 3. d4 d6 4. Nf3 dxe5 5. c4 Nb6 6. Nxe5 g6 7. Nc3 Bg7 8. Be3 0-0 9. f4 c5 10. d5 N8d7 11. Nf3 e5 12. dxe6 Qe7 13. exf7+ Rxf7 14. Qd2 Rxf4 15. 0-0-0 Rf8 16. Bf4 Ne5 17. Bxe5 Bxe5 18. Nd5 Qd6 19. Nxe5 Qxe5 20. Re1 Qg7 21. Re7 Rf7 22. Nxb6 Rxe7 23. Nxa8 Bf5 24. Nc7 h5 25. Nd5 Re4 26. Nc3 Rd4 27. Qe3 1-0

[Event "Titled Tuesday intern op 11th Apr Early"]
[Site "Chess.com INT"]
[Date "2023.04.11"]
[Round "10"]
[White "Akhmetov, Ayan"]
[Black "Hartikainen, Jarmo"]
[Result "1-0"]
[WhiteElo "2435"]
[BlackElo "2108"]
[PlyCount "69"]
[EventDate "2023.04.11"]
[EventType "swiss (blitz)"]
[EventRounds "11"]
[EventCountry "USA"]
[SourceTitle "CBM 213 Extra"]
[Source "ChessBase"]
[SourceDate "2023.05.31"]
[SourceVersion "1"]
[SourceVersionDate "2023.05.31"]
[SourceQuality "1"]

1. Nf3 Nf6 2. c4 c5 3. Nc3 Nc6 4. g3 g6 5. d4 cxd4 6. Nxd4 Bg7 7. Bg2 0-0 8. 0-0 a6 9. Nc2 d6 10. b3 Bf5 11. e4 Bd7 12. Bb2 Rb8 13. a4 Qc8 14. Nd5 Nxd5 15. Bxg7 Kxg7 16. exd5 Ne5 17. Qd4 f6 18. f4 Nf7 19. Rae1 Re8 20. Rf2 Bh3 21. Bh1 Qd7 22. Rfe2 b5 23. cxb5 axb5 24. a5 Ra8 25. b4 Rac8 26. Qf2 Kf8 27. Nd4 Rc4 28. Nc6 Bg4 29. Rxe7 Rxe7 30. Rxe7 Qf5 31. Re1 Rc2 32. Be4 Rxf2 33. Bxf5 Rxf4 34. gxf4 Bxf5 35. a6 1-0

[Event "Titled Tuesday intern op 11th Apr Late"]
[Site "Chess.com INT"]
[Date "2023.04.11"]
[Round "4"]
[White "Akhmetov, Ayan"]
[Black "Osmonbekov, Talaibek D"]
[Result "1-0"]
[WhiteElo "2435"]
[BlackElo "2137"]
[PlyCount "105"]
[EventDate "2023.04.11"]
[EventType "swiss (blitz)"]
[EventRounds "11"]
[EventCountry "USA"]
[SourceTitle "CBM 213 Extra"]
[Source "ChessBase"]
[SourceDate "2023.05.31"]
[SourceVersion "1"]
[SourceVersionDate "2023.05.31"]
[SourceQuality "1"]

1. Nf3 f5 2. g3 Nf6 3. Bg2 Nc6 4. d4 e6 5. 0-0 d5 6. c4 Be7 7. Nc3 0-0 8. Bf4 Bd7 9. Rc1 Bd6 10. Bxd6 cxd6 11. cxd5 exd5 12. e3 Ne7 13. Ne1 Qb6 14. Nd3 Rac8 15. Nf4 Bc6 16. Qb3 Qxb3 17. axb3 Rfe8 18. h4 g6 19. Ra1 a6 20. Ra5 Kf7 21. b4 h6 22. b5 axb5 23. Nxb5 Red8 24. Nc3 g5 25. hxg5 hxg5 26. Nfxd5 Nfxd5 27. Nxd5 Nxd5 28. Bxd5+ Bxd5 29. Rxd5 Ke6 30. Rb5 Rd7 31. Ra1 Rc2 32. Ra3 g4 33. Rab3 Rcc7 34. Kf1 Kf6 35. Ke2 Ke6 36. Rc3 Rxc3 37. bxc3 Rc7 38. Kd3 d5 39. Rb6+ Ke7 40. Rg6 Rd7 41. Rh6 Rc7 42. Rh7+ Kd6 43. Rh8 Ke6 44. Re8+ Kf6 45. Re5 Rd7 46. Re8 Rc7 47. Rb8 Ke6 48. Ra8 Kf6 49. Ra5 Ke6 50. Ra4 Kd6 51. Rb4 Ke6 52. Rb6+ Ke7 53. Kc2 1-0

[Event "Titled Tuesday intern op 11th Apr Late"]
[Site "Chess.com INT"]
[Date "2023.04.11"]
[Round "3"]
[White "Gerbelli Neto, Eduardo"]
[Black "Akhmetov, Ayan"]
[Result "0-1"]
[WhiteElo "2114"]
[BlackElo "2435"]
[PlyCount "42"]
[EventDate "2023.04.11"]
[EventType "swiss (blitz)"]
[EventRounds "11"]
[EventCountry "USA"]
[SourceTitle "CBM 213 Extra"]
[Source "ChessBase"]
[SourceDate "2023.05.31"]
[SourceVersion "1"]
[SourceVersionDate "2023.05.31"]
[SourceQuality "1"]

1. e4 e6 2. d4 d5 3. Nc3 Bb4 4. Nge2 Nc6 5. a3 Ba5 6. b4 Bb6 7. Be3 Nf6 8. e5 Ng4 9. Ng3 Nxe3 10. fxe3 f6 11. Qg4 0-0 12. Nh5 Rf7 13. Nxf6+ Rxf6 14. exf6 Qxf6 15. Bd3 Nxd4 16. Rf1 Nf5 17. Nxd5 exd5 18. Bxf5 Qxa1+ 19. Ke2 Qxf1+ 20. Kxf1 Bxf5 21. Qxf5 Rf8 0-1

[Event "Titled Tuesday intern op 11th Apr Late"]
[Site "Chess.com INT"]
[Date "2023.04.11"]
[Round "1"]
[White "Gutkin, Ilya"]
[Black "Akhmetov, Ayan"]
[Result "1-0"]
[WhiteElo "2261"]
[BlackElo "2435"]
[PlyCount "107"]
[EventDate "2023.04.11"]
[EventType "swiss (blitz)"]
[EventRounds "11"]
[EventCountry "USA"]
[SourceTitle "CBM 213 Extra"]
[Source "ChessBase"]
[SourceDate "2023.05.31"]
[SourceVersion "1"]
[SourceVersionDate "2023.05.31"]
[SourceQuality "1"]

1. Nf3 e6 2. g3 b6 3. Bg2 Bb7 4. c4 c5 5. 0-0 Nf6 6. d4 cxd4 7. Qxd4 Nc6 8. Qd1 d5 9. cxd5 Nxd5 10. Qa4 a6 11. Rd1 b5 12. Qc2 Qb6 13. Nc3 Nxc3 14. Qxc3 Qc5 15. Qxc5 Bxc5 16. Bf4 Ne7 17. Rac1 Bb6 18. Bc7 Ba7 19. Ba5 Nc6 20. Bc3 f6 21. Nd4 Nxd4 22. Bxb7 Nxe2+ 23. Kf1 Nxc3 24. Bxa8 Nxd1 25. Rc8+ Ke7 26. Rxh8 Nxb2 27. Bb7 a5 28. Ra8 Bb6 29. Ra6 Bc7 30. Bc6 b4 31. Bb5 Nd1 32. Bc4 Nc3 33. Rxe6+ Kd7 34. Ra6 a4 35. Ke1 Bd6 36. Kd2 a3 37. Kd3 Bc5 38. Bd5 Bxf2 39. Bg8 Bg1 40. h3 Bh2 41. g4 Bg3 42. Ra7+ Kd6 43. Rxg7 Nb1 44. Rxh7 Kc5 45. Rf7 Nc3 46. Rxf6 Be5 47. Rf5 Kd6 48. h4 Nd1 49. h5 Nb2+ 50. Ke4 Na4 51. Rxe5 Nc3+ 52. Kf4 Ne2+ 53. Rxe2 b3 54. Bxb3 1-0

[Event "Titled Tuesday intern op 28th Mar Early"]
[Site "Chess.com INT"]
[Date "2023.03.28"]
[Round "6"]
[White "Akhmetov, Ayan"]
[Black "Li, Eric"]
[Result "1-0"]
[WhiteElo "2435"]
[BlackElo "2354"]
[PlyCount "50"]
[EventDate "2023.03.28"]
[EventType "swiss (blitz)"]
[EventRounds "11"]
[EventCountry "USA"]
[SourceTitle "EXT 2024"]
[Source "ChessBase"]
[SourceDate "2023.10.10"]
[SourceVersion "1"]
[SourceVersionDate "2023.10.10"]
[SourceQuality "1"]

1. Nf3 d5 2. g3 Nf6 3. Bg2 c6 4. c4 Bf5 5. 0-0 e6 6. cxd5 exd5 7. d3 Nbd7 8. Qb3 Qb6 9. Qc2 Be7 10. Nc3 0-0 11. e4 dxe4 12. dxe4 Bg6 13. Be3 Bc5 14. Na4 Bxe3 15. Nxb6 Bxb6 16. Nh4 Rfe8 17. Nxg6 hxg6 18. Rad1 Nc5 19. Rfe1 Ne6 20. h3 Rad8 21. e5 Nd7 22. Kh2 Ndc5 23. b4 Na6 24. a3 Nd4 25. Qc4 Nc7 1-0

[Event "Titled Tuesday intern op 28th Mar Early"]
[Site "Chess.com INT"]
[Date "2023.03.28"]
[Round "10"]
[White "Ardila, Oscar Humberto"]
[Black "Akhmetov, Ayan"]
[Result "0-1"]
[WhiteElo "1982"]
[BlackElo "2435"]
[PlyCount "110"]
[EventDate "2023.03.28"]
[EventType "swiss (blitz)"]
[EventRounds "11"]
[EventCountry "USA"]
[SourceTitle "EXT 2024"]
[Source "ChessBase"]
[SourceDate "2023.10.10"]
[SourceVersion "1"]
[SourceVersionDate "2023.10.10"]
[SourceQuality "1"]

1. d4 e6 2. c4 b6 3. Nc3 Bb7 4. Nf3 Nf6 5. e3 g6 6. Be2 Bg7 7. 0-0 0-0 8. b3 c5 9. Bb2 cxd4 10. Nxd4 Nc6 11. Nxc6 Bxc6 12. Bf3 Qc8 13. Rc1 Qb7 14. Bxc6 dxc6 15. Qf3 Qc7 16. Rfd1 Rfd8 17. Ne2 Ng4 18. Qxg4 Bxb2 19. Rb1 Rxd1+ 20. Rxd1 Rd8 21. Ng3 h5 22. Qe2 Be5 23. Nf1 Rd7 24. g3 Qd8 25. Rxd7 Qxd7 26. f4 Bd6 27. Kg2 Bc5 28. Qc2 e5 29. Qe4 exf4 30. exf4 h4 31. gxh4 a5 32. h5 gxh5 33. f5 Qd1 34. Qe8+ Kg7 35. Qe5+ Kh7 36. f6 Qc2+ 37. Kh1 Qg6 38. Ng3 h4 39. Qh5+ Qxh5 40. Nxh5 Kg6 41. Nf4+ Kxf6 42. Kg2 Kf5 43. Kf3 Bd6 44. Ng2 h3 45. Ne3+ Kg5 46. a4 Bxh2 47. Nf1 Bf4 48. Kf2 Kf5 49. Kf3 Ke5 50. Kf2 c5 51. Kf3 f5 52. Kf2 h2 53. Kg2 Kd4 54. Nxh2 Bxh2 55. Kxh2 Kc3 0-1

[Event "Titled Tuesday intern op 28th Mar Early"]
[Site "Chess.com INT"]
[Date "2023.03.28"]
[Round "7"]
[White "Kiseleva, Arina"]
[Black "Akhmetov, Ayan"]
[Result "0-1"]
[WhiteElo "1962"]
[BlackElo "2435"]
[PlyCount "62"]
[EventDate "2023.03.28"]
[EventType "swiss (blitz)"]
[EventRounds "11"]
[EventCountry "USA"]
[SourceTitle "EXT 2024"]
[Source "ChessBase"]
[SourceDate "2023.10.10"]
[SourceVersion "1"]
[SourceVersionDate "2023.10.10"]
[SourceQuality "1"]

1. d4 e6 2. e3 b6 3. Nf3 Bb7 4. Bd3 Nf6 5. Nbd2 g6 6. e4 d6 7. 0-0 Bg7 8. c3 0-0 9. Qe2 Nbd7 10. a4 a6 11. h3 e5 12. Nc4 exd4 13. Nxd4 Re8 14. f3 d5 15. Nd2 Nc5 16. Bc2 dxe4 17. fxe4 Nfxe4 18. Nxe4 Bxe4 19. Bxe4 Bxd4+ 20. cxd4 Qxd4+ 21. Kh1 Nxe4 22. Qf3 f5 23. Bf4 Re7 24. Qb3+ Kg7 25. Rac1 Nc5 26. Qc2 Rae8 27. Rfd1 Qxf4 28. b4 Ne4 29. Qb2+ Qe5 30. Qb3 Ng3+ 31. Kg1 Ne2+ 0-1

[Event "Asia-ch Universities"]
[Site "Chess.com INT"]
[Date "2020.12.28"]
[Round "4"]
[White "Veisi, Bardia"]
[Black "Akhmetov, Ayan"]
[Result "0-1"]
[WhiteElo "2273"]
[BlackElo "2438"]
[PlyCount "58"]
[EventDate "2020.12.27"]
[EventType "swiss"]
[EventRounds "9"]
[EventCountry "IRI"]
[SourceTitle "CBM 200 Extra"]
[Source "ChessBase"]
[SourceDate "2021.03.31"]
[SourceVersion "1"]
[SourceVersionDate "2021.03.31"]
[SourceQuality "1"]

1. c4 e5 2. g3 Nf6 3. Bg2 d5 4. cxd5 Nxd5 5. Nc3 Nb6 6. Nf3 Nc6 7. 0-0 Be7 8. d3 Be6 9. a3 0-0 10. Be3 Nd5 11. Nxd5 Bxd5 12. Qa4 f6 13. Rac1 Qd7 14. Nd2 Rfd8 15. b4 a6 16. Bxd5+ Qxd5 17. Rc3 Bd6 18. Rfc1 Nd4 19. Bxd4 exd4 20. R3c2 c6 21. Ne4 a5 22. bxa5 b5 23. Nxd6 bxa4 24. Nc4 Rdb8 25. Nb6 Qxa5 26. Nxa8 Qxa8 27. Rxc6 Rb1 28. Rxb1 Qxc6 29. h4 Qc3 0-1